Drapeaux de pays - Sélection de tuiles - Statistiques

Statistiques générales
  • Ce quiz a été pris 161 fois
  • Le résultat moyen est 44 sur 54
Statistiques - réponses
Question Tuile Select % Correct
Les drapeaux de pays d’Amérique du Nord Non
99%
Les drapeaux de pays d’Amérique du Nord Non
98%
Les drapeaux de pays d’Amérique du Nord Oui
95%
Les drapeaux de pays d’Amérique du Nord Non
95%
Les drapeaux de pays hispanophones Non
95%
Les drapeaux de pays hispanophones Non
95%
Les drapeaux de pays commençant par A Oui
95%
Les drapeaux de pays commençant par A Non
95%
Les drapeaux de pays commençant par A Oui
95%
Les drapeaux de pays commençant par A Non
95%
Les drapeaux de pays ayant remporté la Coupe du Monde de football Oui
95%
Les drapeaux de pays ayant remporté la Coupe du Monde de football Non
95%
Les drapeaux de pays commençant par A Non
94%
Les drapeaux de pays commençant par A Non
94%
Les drapeaux de pays commençant par A Oui
93%
Les drapeaux de pays ayant remporté la Coupe du Monde de football Oui
93%
Les drapeaux de pays hispanophones Oui
91%
Les drapeaux de pays hispanophones Oui
91%
Les drapeaux de pays ayant remporté la Coupe du Monde de football Non
91%
Les drapeaux de pays ayant remporté la Coupe du Monde de football Oui
91%
Les drapeaux de pays ayant remporté la Coupe du Monde de football Non
91%
Les drapeaux de pays frontaliers de l’Arabie Saoudite Non
90%
Les drapeaux de pays hispanophones Oui
89%
Les drapeaux de pays frontaliers de l’Arabie Saoudite Non
88%
Les drapeaux de pays ayant remporté la Coupe du Monde de football Oui
88%
Les drapeaux de pays hispanophones Oui
87%
Les drapeaux de pays hispanophones Non
87%
Les drapeaux de pays frontaliers de l’Arabie Saoudite Oui
84%
Les drapeaux de pays frontaliers de l’Arabie Saoudite Oui
84%
Les drapeaux de pays ayant remporté la Coupe du Monde de football Oui
84%
Les drapeaux de pays d’Amérique du Nord Non
83%
Les drapeaux de pays ayant remporté la Coupe du Monde de football Oui
82%
Les drapeaux de pays hispanophones Non
81%
Les drapeaux de pays d’Amérique du Nord Non
80%
Les drapeaux de pays enclavés Non
80%
Les drapeaux de pays enclavés Non
78%
Les drapeaux de pays hispanophones Oui
76%
Les drapeaux de pays frontaliers de l’Arabie Saoudite Non
74%
Les drapeaux de pays frontaliers de l’Arabie Saoudite Non
74%
Les drapeaux de pays enclavés Non
73%
Les drapeaux de pays frontaliers de l’Arabie Saoudite Non
72%
Les drapeaux de pays d’Amérique du Nord Oui
71%
Les drapeaux de pays frontaliers de l’Arabie Saoudite Oui
71%
Les drapeaux de pays enclavés Oui
71%
Les drapeaux de pays d’Amérique du Nord Oui
70%
Les drapeaux de pays commençant par A Oui
70%
Les drapeaux de pays commençant par A Oui
70%
Les drapeaux de pays frontaliers de l’Arabie Saoudite Oui
68%
Les drapeaux de pays enclavés Non
66%
Les drapeaux de pays enclavés Oui
64%
Les drapeaux de pays enclavés Oui
61%
Les drapeaux de pays d’Amérique du Nord Oui
57%
Les drapeaux de pays enclavés Oui
47%
Les drapeaux de pays enclavés Oui
46%
Aucun quiz correspondant
Distribution des résultats
% des personnes avec chaque résultat
Percentile par nombre de réponses
Votre historique - résultats
Vous n’avez pas pris ce quiz